| 000 | 00511nam a22001817a 4500 | ||
|---|---|---|---|
| 005 | 20251108165206.0 | ||
| 008 | 250721s1987 xx 000 0 ara d | ||
| 082 | 1 | 4 | _a332.109565/محم |
| 100 | 1 | _aأباظة، محمد سليم ميرزا | |
| 245 | 1 | 0 | _aقصة بنك / |
| 250 | _aط2 | ||
| 264 | 1 |
_aعمان : _bدار الصباح للصحافة و الطباعة و النشر، _c1987. |
|
| 300 | _a74ص | ||
| 650 | 1 | 7 | _aالبنوك |
| 650 | 1 | 7 | _aالأردن |
| 942 |
_2ddc _cBK |
||
| 999 |
_c21756 _d21756 |
||